000 00765nab a2200229 u 4500
001 15074
003 HDC
007 cr bn ---aaaaa
008 210217c my dr|nes 0 |0eng
040 _aHDC
245 0 _aNo Bird Flu Risk For Consumers From Cooked Poultry And Eggs
260 _a[no place] :
_b[publisher not identified],
_c[no year]
336 _atext
_2rdacontent
337 _acomputer
_2rdamedia
338 _aonline resource
_2rdacarrier
650 _aFood safety
_9504
650 _aPoultry product
_915395
856 _zRequest full-text at [email protected]
942 _2lcc
942 _cNEWS
942 _kNWSO 004612
999 _c12390
_d12390